|
|
|
|
| LEADER |
00000nam0a2200000 4500 |
| 001 |
294730 |
| 005 |
20231102000731.0 |
| 020 |
|
|
|a RU
|b 83-86921
|
| 035 |
|
|
|a (RuTPU)RU\TPU\book\319803
|
| 090 |
|
|
|a 294730
|
| 100 |
|
|
|a 20150515d1983 km y0rusy5003 ca
|
| 101 |
0 |
|
|a rus
|
| 102 |
|
|
|a RU
|
| 105 |
|
|
|a a z 000zy
|
| 200 |
1 |
|
|a Внушение и мы
|f М. Л. Линецкий
|
| 210 |
|
|
|a Москва
|c Знание
|d 1983
|
| 215 |
|
|
|a 96 с.
|c ил.
|
| 225 |
1 |
|
|a Наука и прогресс
|
| 606 |
1 |
|
|a Общение
|x Психология
|2 stltpush
|3 (RuTPU)RU\TPU\subj\46642
|9 65759
|
| 610 |
1 |
|
|a внушение
|
| 610 |
1 |
|
|a психотерапия
|
| 610 |
1 |
|
|a психоэмоциональное состояние
|
| 610 |
1 |
|
|a медицина
|
| 610 |
1 |
|
|a педагогика
|
| 610 |
1 |
|
|a спорт
|
| 610 |
1 |
|
|a трудовая деятельность
|
| 686 |
|
|
|a Ю953
|2 rubbk
|
| 700 |
|
1 |
|a Линецкий
|b М. Л.
|g Михаил Львович
|4 070
|
| 801 |
|
0 |
|a RU
|b RuMRKP
|c 19950704
|g psbo
|
| 801 |
|
1 |
|a RU
|b 63413507
|c 20150515
|
| 801 |
|
2 |
|a RU
|b 63413507
|c 20181102
|g RCR
|
| 942 |
|
|
|c BK
|